00571cam a2200193 a 4500001000800000005001700008008004100025020001500066020002200081040001800103082002200121100001900143245003300162260004400195300001800239490003100257650002300288856006600311355970320240319034036.0980226s1998 enk b 001 0 eng  a0415148049 a0415148057 (pbk.) aDLCcDLCdDLC00a323.44.221bFRE.1 aHaworth, Alan,10aFree speech /cAlan Haworth. aLondon ;aNew York :bRoutledge,c1998. axiv, 263 p. ;1 aThe problems of philosophy 0aFreedom of speech.42uhttp://www.loc.gov/catdir/enhancements/fy0649/98013946-d.html